00789nas a2200229Ia 4500001002700000003001000027008004100037040002500078041001300103100001700116210004300133222004300176245007400219250001100293260000900304501012300313300001400436362001700450500006200467650001900529700001100548A09/R112-9637 [r000006881]IT-MiCISF161014c99999999xx |||||||||||| ||und|| aIT-MiCISFcIT-MiCISF aITALIANO aCaccamo Rita aMemoria. Rivista di storia delle donne aMemoria. Rivista di storia delle donne 0aAmico, condifente o compagno di strada? Forme di socialità maschile a1a ed. c1989 bCISF - Centro Internazionale Studi Famiglia - Via Giotto, 36 20145 MILANO (non commercial uses only)cCopyright 2016 app. 22-43 an. 27 [1989] a Tema: uomo, single, socializzazione, rapporti-uomo-donna auomovarticolo aAA.VV.